| LEADER |
01324nam0a2200217 450 |
| 001 |
16814757 |
| 010 |
|
|
|a 978-2-226-24590-8
|b br.
|d 16,5
|
| 100 |
|
|
|a 20130301d2026 u u0frey01 ba
|
| 101 |
1 |
|
|a fre
|c
|
| 102 |
|
|
|a FR
|
| 200 |
0 |
|
|a Double jeu
|f Judy Blundell
|g traduit de l'anglais (américain) par Céline Alexandre
|
| 207 |
|
1 |
|a
|
| 210 |
|
|
|a Paris
|c A. Michel
|d impr. 2013
|
| 215 |
|
|
|a 1 vol. (390 p.)
|c couv. ill. en coul.
|d 22 cm
|
| 225 |
1 |
|
|a Wiz
|x 1637-0236
|
| 330 |
|
|
|a 1950. Quand Kit Corrigan, 17 ans, débarque à New York, elle est seule en ville. Elle a quitté Providence, sa famille, et rompu avec Billy, son petit ami qui s est engagé en Corée. New York ne l accueille pas les bras ouverts et Kit obtient un second rôle dans un spectacle à Broadway pour vivre chichement. Le destin vient à son secours par le plus improbable des êtres. Le sulfureux père de Billy, Nate Benedict, avocat véreux, lui offre une chance inespérée : devenir danseuse au Lido et vivre dans un appartement agréable. En échange de quelque chose qui se révélera trop lourd à porter pour Kit...
|
| 700 |
|
0 |
|a Blundell
|b Judy
|4 70
|
| 702 |
|
0 |
|a Alexandre
|b Céline
|4 730
|
| 900 |
|
|
|a Roman Jeunesse
|
| 901 |
|
|
|a Accessible au prêt
|
| 995 |
|
|
|a Bibliothèque
|c Bibliothèque
|f 024013508
|h 024013508
|k J BLU
|o p
|q j
|r az
|e Bibliothèque
|